Normal view
MARC view
Entry Topical Term
001 - CONTROL NUMBER
- control field: 895994
003 - CONTROL NUMBER IDENTIFIER
- control field:
005 - DATE AND TIME OF LATEST TRANSACTION
- control field: 20210627092323.0
008 - FIXED-LENGTH DATA ELEMENTS
- fixed length control field: 210627|| aca||aabn | a|a d
040 ## - CATALOGING SOURCE
- Original cataloging agency:
- Transcribing agency:
150 ## - HEADING--TOPICAL TERM
- Topical term or geographic name entry element: Cosmology
- Form subdivision: Juvenile literature
670 ## - SOURCE DATA FOUND
- Source citation: Work cat.: ()770549: Morris, Ruth 895993, The runaway /, 1961
